00729nam a22001817a 4500003000400000005001700004008004100021020001800062040000900080111008900089245017200178260006400350300001100414650002900425700003400454700003100488700002800519OSt20130503125644.0130503s2012 sp ||||| |||| 10| 0 spa d a9788461575213 cCDMR2 aCongreso internacional de Prensa y Periodismo especializadocGuadalajarad2010n5è1 aPrensa y periodismo especializado VcJuan José Fernández Sanz, Ángel Luis Rubio Moraga, Carlos Sanz Establés (editores)b: [Guadalajara, 6 y 7 de mayo de 2010] aGuadalajarabAsociación de la Prensa de Guadalajarac2012 a558 p.04aPeriodisme especialitzat1 aFernández Sanz, Juan José1 aRubio Moraga, Ángel Luis1 aSanz Establés, Carlos